[Event "Lisbon-ch final"]
[Site "Lisbon"]
[Date "2007.06.29"]
[Round "9"]
[White "Fanha, Paulo Alexandre Mar"]
[Black "Lima, Didier"]
[Result "1/2-1/2"]
[WhiteElo "1995"]
[BlackElo "1960"]
[PlyCount "150"]
[EventDate "2007.06.15"]
[EventType "swiss"]
[EventRounds "9"]
[EventCountry "POR"]
[SourceTitle "EXT 2018"]
[Source "ChessBase"]
[SourceDate "2017.10.13"]
[SourceVersion "1"]
[SourceVersionDate "2017.10.13"]
[SourceQuality "1"]

1. d4 Nf6 2. Bg5 g6 3. Bxf6 exf6 4. e3 f5 5. c4 Bg7 6. Nc3 0-0 7. h4 h5 8. g3 Nc6 9. Bg2 d6 10. Qd2 Nb8 11. Nge2 Nd7 12. Nf4 Nf6 13. Qc2 c6 14. b4 Re8 15. 0-0 Bd7 16. Rab1 Rc8 17. Rb3 Qe7 18. Ra3 a6 19. Rb1 Kh7 20. Na4 Ne4 21. Nb6 Rc7 22. Bxe4 fxe4 23. Nxd7 Qxd7 24. Qe2 Rec8 25. Ra5 Bh6 26. Ng2 Qh3 27. Qc2 Qg4 28. Qd1 Qe6 29. Qe2 f6 30. Ne1 Qf7 31. Ra3 g5 32. Ng2 g4 33. Ra5 f5 34. Qb2 Kg6 35. c5 dxc5 36. bxc5 Rd8 37. Ra3 Qd5 38. Rb3 Rdd7 39. a4 Kf6 40. a5 Kg6 41. Qc2 Kf6 42. Rb4 Ke6 43. Qb3 Qxb3 44. R4xb3 Rf7 45. Ne1 Bg7 46. Nc2 Bf6 47. Na3 Bg7 48. Nc4 Bf8 49. Ne5 Rg7 50. Nc4 Kd5 51. Nb6+ Ke6 52. Na4 Kd5 53. Nc3+ Ke6 54. Ne2 Rh7 55. Nf4+ Kf6 56. Rc1 Kf7 57. Kf1 Ke8 58. Rb6 Be7 59. Ke2 Bd8 60. Ne6 Rcd7 61. Nxd8 Kxd8 62. Kd2 Kc8 63. Kc3 Rd5 64. Kc4 Rc7 65. Rcb1 Rd8 66. Rd1 Rd5 67. Rd2 Kb8 68. Rdb2 Kc8 69. Kc3 Rd8 70. Rd2 Rd5 71. Rd1 Kb8 72. Kc4 Kc8 73. Rdb1 Rd8 74. R6b3 Rd5 75. R3b2 Rd8 1/2-1/2

[Event "Lisbon-ch final"]
[Site "Lisbon"]
[Date "2007.06.18"]
[Round "2"]
[White "Lima, Didier"]
[Black "Afonso, Nuno Cerqueira"]
[Result "1/2-1/2"]
[WhiteElo "1960"]
[BlackElo "1672"]
[PlyCount "117"]
[EventDate "2007.06.15"]
[EventType "swiss"]
[EventRounds "9"]
[EventCountry "POR"]
[SourceTitle "EXT 2018"]
[Source "ChessBase"]
[SourceDate "2017.10.13"]
[SourceVersion "1"]
[SourceVersionDate "2017.10.13"]
[SourceQuality "1"]

1. e4 e5 2. Nf3 Nc6 3. Bb5 a6 4. Bxc6 dxc6 5. d4 exd4 6. Qxd4 Qxd4 7. Nxd4 Bc5 8. Be3 Nf6 9. f3 Bd7 10. Nd2 0-0-0 11. 0-0-0 Be8 12. Nc4 b5 13. Ne5 Rg8 14. Rhe1 Kb7 15. Nf5 Bxe3+ 16. Rxe3 Rxd1+ 17. Kxd1 Bd7 18. Nxd7 Nxd7 19. e5 Re8 20. f4 g6 21. Nh6 f6 22. e6 Nc5 23. e7 Kc8 24. Ng4 Nd7 25. b4 f5 26. Nf2 Nb6 27. Nd3 Nd5 28. Re6 Kd7 29. Nc5+ Kc8 30. g3 Nxb4 31. a3 Nd5 32. Nxa6 Rxe7 33. Rxe7 Nxe7 34. Nc5 Nd5 35. Kd2 Kd8 36. Ne6+ Ke7 37. Ng5 h6 38. Nf3 c5 39. Ne5 g5 40. c4 bxc4 41. fxg5 hxg5 42. Nxc4 Nb6 43. Nb2 c4 44. a4 f4 45. gxf4 gxf4 46. a5 f3 47. Ke3 c3 48. Nd3 Nc4+ 49. Kxf3 Nxa5 50. Nb4 Ke6 51. Ke3 c5 52. Na2 c2 53. Kd2 Kf5 54. Kxc2 Kg4 55. Nc3 Kh3 56. Ne4 Nb7 57. Kc3 Kxh2 58. Kc4 Na5+ 59. Kxc5 1/2-1/2

[Event "Lisbon-ch qual"]
[Site "Olival Basto"]
[Date "2006.03.08"]
[Round "2"]
[White "Lopes, Carlos Correia"]
[Black "Lima, Didier"]
[Result "1/2-1/2"]
[WhiteElo "2010"]
[BlackElo "1831"]
[PlyCount "163"]
[EventDate "2006.03.06"]
[EventType "swiss"]
[EventRounds "10"]
[EventCountry "POR"]
[SourceTitle "EXT 2008"]
[Source "ChessBase"]
[SourceDate "2007.11.25"]
[SourceVersion "1"]
[SourceVersionDate "2007.11.25"]
[SourceQuality "1"]

1. e4 e6 2. d4 b6 3. Nf3 Bb7 4. Bd3 Nf6 5. Nbd2 c5 6. e5 Nd5 7. Be4 cxd4 8. Nxd4 Qc7 9. c4 Qxe5 10. N4f3 Qf4 11. cxd5 Bb4 12. 0-0 0-0 13. Qb3 Bc5 14. Re1 exd5 15. Bxd5 Bxd5 16. Qxd5 Na6 17. Ne4 Qc7 18. a3 Qc6 19. Qd3 Nc7 20. b4 Be7 21. Bb2 Ne6 22. Rac1 Nf4 23. Qd2 Qh6 24. Rcd1 d5 25. Ng3 Bd6 26. Qd4 f5 27. Bc1 Rad8 28. Bxf4 Bxf4 29. Re7 Bb8 30. Nh5 Rf7 31. Rxf7 Kxf7 32. Ng3 Qf6 33. Qd3 g6 34. Ne2 Qb2 35. Ned4 Rd7 36. Re1 Bc7 37. Qe3 Kg7 38. h4 Bd6 39. Qe8 Rb7 40. Qc6 Re7 41. Rxe7+ Bxe7 42. Qe6 Qb1+ 43. Qe1 Qxe1+ 44. Nxe1 Bxh4 45. Nc6 a6 46. Nb8 a5 47. b5 Kf7 48. Nc2 Ke6 49. Kf1 Kd6 50. Ke2 Bd8 51. Nc6 Bf6 52. a4 f4 53. Kd3 g5 54. N6d4 h5 55. Nf5+ Kc5 56. Nfd4 g4 57. Ne6+ Kd6 58. Nxf4 h4 59. Nh5 Be5 60. Nd4 h3 61. gxh3 gxh3 62. Nf5+ Kc5 63. Nhg3 h2 64. Nh1 Kb4 65. Ne3 Kxa4 66. Nxd5 Kxb5 67. f4 Bd6 68. f5 Kc6 69. Kc4 Kd7 70. Kb5 Ke8 71. f6 Kf7 72. Kc6 a4 73. Kxd6 a3 74. Ne3 a2 75. Nc2 Kxf6 76. Kc6 Kf5 77. Kxb6 Kf4 78. Kc5 Kf3 79. Kd4 Kg2 80. Ke3 Kxh1 81. Kf2 a1Q 82. Nxa1 1/2-1/2